Η εφαρμογή της πολιτικής ανάπτυξης της υπαίθρου στη Λέσβο : σύγκριση μεταξύ δικαοιούχων εξισωτικής αποζημίωσης από την ενιαία ενίσχυση στη Λέσβο : διατριβή

Αποθηκεύτηκε σε:
Λεπτομέρειες βιβλιογραφικής εγγραφής
Κύριος συγγραφέας: Στεφανάτος, Ιωάννης Γ.
Συγγραφή απο Οργανισμό/Αρχή: Πανεπιστήμιο Αιγαίου Σχολή Κοινωνικών Επιστημών Τμήμα Γεωγραφίας Μεταπτυχιακό Πρόγραμμα Σπουδών Γεωγραφία και Εφαρμοσμένη Γεωπληροφορική
Άλλοι συγγραφείς: Κίζος, Αθανάσιος (Εισηγητής διατριβής)
Μορφή: Thesis Βιβλίο
Γλώσσα:Greek
Δημοσίευση: 2010
Θέματα:
Διαθέσιμο Online:http://hdl.handle.net/11610/11318
Ετικέτες: Προσθήκη ετικέτας
Δεν υπάρχουν, Καταχωρήστε ετικέτα πρώτοι!

MARC

LEADER 00000cam a2200000 i 4500
001 1/20102
008 120601s2010 gre d
035 |l 10112646 
040 |a GR-MY-UA  |b gre  |e aacr 
041 0 |a gre 
082 0 |a 338.1  |2 (22) 
100 1 |a Στεφανάτος, Ιωάννης Γ. 
245 1 2 |a Η εφαρμογή της πολιτικής ανάπτυξης της υπαίθρου στη Λέσβο :  |b σύγκριση μεταξύ δικαοιούχων εξισωτικής αποζημίωσης από την ενιαία ενίσχυση στη Λέσβο : διατριβή /  |c Στεφανάτος Γρηγορίου Ιωάννης ; [επιβλέπων καθηγητής Κίζος Αθανάσιος] 
260 |c 2010 
300 |a 72 σ.;  |b πιν., σχ., χάρτες;  |c 30 εκ. 
500 |a Περιέχει Παραρτήματα 
502 |a Διατριβή (μεταπτυχιακή) – Πανεπιστήμιο Αιγαίου, Λέσβος, 2010. 
504 |a Βιβλιογραφία: σ. 54-56 
650 0 |a Agricultural development projects  |z Greece  |z Lesbos (Municipality) 
650 0 0 |a Agriculture  |z Greece  |z Lesbos (Municipality) 
650 0 0 |a Agriculture  |x Economic aspects  |z Greece  |z Lesbos (Municipality) 
650 0 0 |a Dissertations, Academic  |z Greece. 
700 1 |4 ths  |a Κίζος, Αθανάσιος. 
710 2 |a Πανεπιστήμιο Αιγαίου  |b Σχολή Κοινωνικών Επιστημών  |b Τμήμα Γεωγραφίας  |b Μεταπτυχιακό Πρόγραμμα Σπουδών Γεωγραφία και Εφαρμοσμένη Γεωπληροφορική. 
852 |a INST  |b LESVOS  |c DIATR  |e 20120601  |h 107  |p 005100050304  |q 005100050304  |t MTXE  |y 23 
852 |a INST  |b LESVOS  |c DIATR  |e 20120601  |h 108  |p 005100050305  |q 005100050305  |t MTXE  |y 23 
856 |u http://hdl.handle.net/11610/11318 
901 |a BIBL1-2012-2 
909 |a Λ  |b 173742 
909 |a Λ  |b 173743 
924 |a ΣΤΕΦΑΝΑΤΟΣ  |b ΙΩΑΝΝΗΣ  |y ΛΕΣΒΟΣ  |z 2012-05 
970 |z 2012/06/1  |a ΠΑΤΣΗ  |b ΑΝΘΙΠΠΗ